Официальные письма начальника штаба инспектора всей артиллерии генерал-лейтенанта А.П. Безака и директора Инженерного департамен...

Доступно только в Электронных читальных залах Найти на картеНа карте
RUSMARC
00004063nmc2a22000003x 450
001d7986c16-c5cd-4122-be67-bdd378a3425f
00520210201154017.0
100##$a20191018l18531853k l0rusy0189 ca
1010#$arus
102##$aRU
2001#$aОфициальные письма начальника штаба инспектора всей артиллерии генерал-лейтенанта А.П. Безака и директора Инженерного департамента Военного министерства генерал-лейтенанта А.И. Фельдмана А.И. Философову об усилении вооружения Динабургской крепости и проект ответного письма А.И. Философова А.П. Безаку
$j18-21 октября 1853 г.
251##$cДело
300##$aСлужебные документы А.И. Философова. Служба в должности кронштадтской артиллерией и по укреплению обороны Балтийского побережья
801#0$aRU
$bРГИА
$c20191018
$gRCR
801#1$aRU
$bГлавНИВЦ
$c20191018
$2rusmarc
801#2$aRU
$bПБ им. Б.Н. Ельцина
$c20210201
$gRCR
$2rusmarc
850##$aРГИА
852##$aРГИА
$eФедеральное казенное учреждение "Российский государственный исторический архив" (РГИА)
$j41
937##$hРГИА
$d12277630
$aASBIBLIO_SCAN
462#0$10014d3a017d-0f59-479d-854a-a33f257889ce
$12001
$a1620-1914 гг.
$1251
$cОпись
$1852
$j1
461#0$10013ac9e1a7-0948-4040-b955-7f6f9bd0478b
$12001
$aФилософов Алексей Илларионович (1799-1874), генерал- адъютант, воспитатель великих князей Николая и Михаила Николаевичей, временный военный губернатор Петербурга
$1251
$cФонд
$1852
$j1075
215##$a6 л.
$d36,5х26 см
371##$aДокумент не является опубликованным и широко распространяемым
105##$ay###
1222#$ad
035##$ad7986c16-c5cd-4122-be67-bdd378a3425f
856##$uhttp://readingroom.main.prlib.ru/item.aspx?id_node=n155911735&mode=full
Формат отображения